[Event "Titled Tuesday intern op 08th Feb Early"]
[Site "Chess.com INT"]
[Date "2022.02.08"]
[Round "6"]
[White "Iljin, Timofey"]
[Black "Mamontova, Anastasia"]
[Result "1-0"]
[WhiteElo "2299"]
[BlackElo "2025"]
[PlyCount "99"]
[EventDate "2022.02.08"]
[EventType "swiss (blitz)"]
[EventRounds "11"]
[EventCountry "USA"]
[SourceTitle "CBM 206 Extra"]
[Source "ChessBase"]
[SourceDate "2022.03.31"]
[SourceVersion "1"]
[SourceVersionDate "2022.03.31"]
[SourceQuality "1"]

1. e4 c6 2. d4 d5 3. e5 Bf5 4. h4 Qb6 5. g4 Bd7 6. b3 e6 7. Be3 c5 8. c3 Nc6 9. Nf3 Nge7 10. dxc5 Qc7 11. b4 Nxe5 12. Nbd2 Nxg4 13. Qe2 Nxe3 14. Qxe3 Nf5 15. Qd3 Be7 16. Bh3 0-0-0 17. 0-0-0 Nxh4 18. Nxh4 Bxh4 19. Bxe6 Bxe6 20. Rxh4 Qc6 21. Nb3 Qa4 22. Kb2 g6 23. Rd4 Bf5 24. Qd2 Be4 25. c4 Bf3 26. Rc1 dxc4 27. Rcxc4 Qb5 28. Qf4 Bd5 29. Rc3 Bxb3 30. Kxb3 Rxd4 31. Qxd4 Rd8 32. Qe5 a5 33. Qe4 Rd2 34. Rc4 a4+ 35. Ka3 Qd7 36. c6 Qd3+ 37. Qxd3 Rxd3+ 38. Kxa4 bxc6 39. Rxc6+ Kb7 40. Rf6 Rd7 41. Kb5 h5 42. a4 h4 43. a5 h3 44. Rf3 h2 45. a6+ Ka7 46. Rh3 Rd5+ 47. Kc6 Rf5 48. b5 Rxf2 49. b6+ Kxa6 50. Ra3# 1-0

[Event "Titled Tuesday intern op 08th Feb Early"]
[Site "Chess.com INT"]
[Date "2022.02.08"]
[Round "7"]
[White "Mamontova, Anastasia"]
[Black "Sovetbekova, Nurai"]
[Result "0-1"]
[WhiteElo "2025"]
[BlackElo "1702"]
[PlyCount "128"]
[EventDate "2022.02.08"]
[EventType "swiss (blitz)"]
[EventRounds "11"]
[EventCountry "USA"]
[SourceTitle "CBM 206 Extra"]
[Source "ChessBase"]
[SourceDate "2022.03.31"]
[SourceVersion "1"]
[SourceVersionDate "2022.03.31"]
[SourceQuality "1"]

1. d4 Nf6 2. c4 g6 3. Nc3 d5 4. cxd5 Nxd5 5. e4 Nxc3 6. bxc3 Bg7 7. Nf3 c5 8. Be3 Qa5 9. Qd2 Nc6 10. Rc1 cxd4 11. cxd4 Qxd2+ 12. Kxd2 0-0 13. d5 Rd8 14. Bb5 e6 15. Bxc6 bxc6 16. Rxc6 exd5 17. exd5 Rxd5+ 18. Ke2 Bb7 19. Rc7 Ba6+ 20. Ke1 Rad8 21. Nd2 Ra5 22. Rc2 Bd3 23. Rc7 Rxa2 24. Rxa7 Ba6 25. f3 Bc3 26. Kf2 Bxd2 27. Bxd2 Raxd2+ 28. Kg3 Bc4 29. Re1 Be6 30. h4 h5 31. Rb7 Rc8 32. Ra7 Rcc2 33. Ra8+ Kg7 34. Rg1 Kf6 35. Ra5 Rd5 36. Rxd5 Bxd5 37. Rd1 Be6 38. Rd4 g5 39. Ra4 gxh4+ 40. Rxh4 Kg5 41. f4+ Kg6 42. Rh1 Bg4 43. Ra1 Rc3+ 44. Kh4 Kf5 45. g3 Rc2 46. Ra5+ Ke4 47. Re5+ Kf3 48. Kg5 Kxg3 49. f5 h4 50. Re3+ Bf3 51. Ra3 h3 52. Ra1 h2 53. Kf6 Bd5 54. Ke5 h1Q 55. Rxh1 Bxh1 56. Kf6 Bd5 57. Kg7 Ba2 58. f6 Kf4 59. Kf8 Kg4 60. Ke7 Rc7+ 61. Kf8 Rc8+ 62. Kg7 Kf5 63. Kh7 Kxf6 64. Kh6 Rh8# 0-1

[Event "Titled Tuesday intern op 25th Jan"]
[Site "Chess.com INT"]
[Date "2022.01.25"]
[Round "4"]
[White "Mamontova, Anastasia"]
[Black "Terletsky, Oleg"]
[Result "0-1"]
[WhiteElo "2025"]
[BlackElo "2154"]
[PlyCount "60"]
[EventDate "2022.01.25"]
[EventType "swiss (blitz)"]
[EventRounds "11"]
[EventCountry "USA"]
[SourceTitle "CBM 206 Extra"]
[Source "ChessBase"]
[SourceDate "2022.03.31"]
[SourceVersion "1"]
[SourceVersionDate "2022.03.31"]
[SourceQuality "1"]

1. d4 Nf6 2. c4 g6 3. Nc3 Bg7 4. e4 d6 5. Nge2 0-0 6. Ng3 h5 7. h4 a6 8. Be2 c5 9. d5 b5 10. cxb5 axb5 11. Bxb5 Ba6 12. a4 Nbd7 13. 0-0 Ne5 14. Qe2 Bxb5 15. Nxb5 c4 16. Bg5 Nd3 17. Qc2 Nh7 18. Qxc4 Nxb2 19. Qb3 Nxg5 20. hxg5 Qa5 21. f4 Nxa4 22. Ra2 Qb6+ 23. Kh2 Nc5 24. Qc4 Rxa2 25. Qxa2 Qxb5 26. f5 Be5 27. Rb1 Qd3 28. fxg6 Qxg3+ 29. Kg1 fxg6 30. Rf1 Qh2# 0-1

[Event "Titled Tuesday intern op 11th Jan"]
[Site "Chess.com INT"]
[Date "2022.01.11"]
[Round "8"]
[White "Gerola, Fausto"]
[Black "Mamontova, Anastasia"]
[Result "0-1"]
[WhiteElo "2141"]
[BlackElo "2025"]
[PlyCount "122"]
[EventDate "2022.01.11"]
[EventType "swiss (blitz)"]
[EventRounds "11"]
[EventCountry "USA"]
[SourceTitle "CBM 206 Extra"]
[Source "ChessBase"]
[SourceDate "2022.03.31"]
[SourceVersion "1"]
[SourceVersionDate "2022.03.31"]
[SourceQuality "1"]

1. e4 c6 2. d4 d5 3. Nc3 dxe4 4. Nxe4 Nf6 5. Ng3 e6 6. Nf3 Bd6 7. Bd3 Nbd7 8. Bg5 h6 9. Bd2 Qb6 10. 0-0 0-0 11. b3 c5 12. Be3 cxd4 13. Bxd4 Qc7 14. c4 Rd8 15. Qc2 e5 16. Bc3 Nc5 17. Bf5 Bxf5 18. Nxf5 Bf8 19. Bxe5 Qc6 20. N3d4 Qe4 21. Bxf6 Qxc2 22. Nxc2 gxf6 23. Rad1 Ne4 24. Rfe1 Nc3 25. Rxd8 Rxd8 26. a4 Rd2 27. Ncd4 Bc5 28. Nxh6+ Kh7 29. Nxf7 Bxd4 30. Rf1 Ne4 31. h4 Bxf2+ 32. Kh2 Bxh4 33. Kh3 Bg5 34. Nxg5+ Nxg5+ 35. Kg3 Kg6 36. Rb1 Ne4+ 37. Kf4 Nc5 38. g4 Rd4+ 39. Ke3 Rd3+ 40. Kf4 Rxb3 41. Rd1 Rd3 42. Rb1 Rd4+ 43. Ke3 Rxc4 44. a5 Rxg4 45. Rc1 Nb3 46. Rc7 Nxa5 47. Rc5 b6 48. Rc7 a6 49. Ra7 Nc4+ 50. Kf3 Ne5+ 51. Ke3 a5 52. Rb7 Rb4 53. Rb8 a4 54. Ra8 b5 55. Kd2 Nc4+ 56. Kc3 Rb3+ 57. Kd4 a3 58. Rg8+ Kf7 59. Ra8 Nb6 60. Ra6 Na4 61. Ra5 a2 0-1

[Event "Titled Tuesday intern op 11th Jan"]
[Site "Chess.com INT"]
[Date "2022.01.11"]
[Round "7"]
[White "Mihailidis, Anastasios"]
[Black "Mamontova, Anastasia"]
[Result "1/2-1/2"]
[WhiteElo "2235"]
[BlackElo "2025"]
[PlyCount "130"]
[EventDate "2022.01.11"]
[EventType "swiss (blitz)"]
[EventRounds "11"]
[EventCountry "USA"]
[SourceTitle "CBM 206 Extra"]
[Source "ChessBase"]
[SourceDate "2022.03.31"]
[SourceVersion "1"]
[SourceVersionDate "2022.03.31"]
[SourceQuality "1"]

1. e4 c6 2. d4 d5 3. exd5 cxd5 4. Bd3 Nc6 5. c3 Qc7 6. Ne2 Nf6 7. Bf4 e5 8. dxe5 Nxe5 9. Bb5+ Bd7 10. Bxd7+ Nfxd7 11. Qxd5 Bd6 12. 0-0 0-0-0 13. Qb5 Nf3+ 14. gxf3 Bxf4 15. Ng3 h5 16. Kg2 h4 17. Ne4 h3+ 18. Kh1 Bxh2 19. Nbd2 Bf4 20. Nc4 Rh6 21. Rad1 Rc6 22. b3 g6 23. Qd5 f5 24. Ned6+ Kb8 25. Nf7 Rf8 26. Qxd7 Rxf7 27. Qxc7+ Kxc7 28. a4 a6 29. Rd4 g5 30. Rd3 b5 31. axb5 axb5 32. Ne3 Rd6 33. Rfd1 Rxd3 34. Rxd3 Bxe3 35. fxe3 Re7 36. Kh2 g4 37. Kg3 f4+ 38. exf4 Rh7 39. Rd1 h2 40. Rh1 gxf3 41. Kxf3 Rh3+ 42. Ke4 Rxc3 43. Rxh2 Rxb3 44. f5 Kd6 45. Rh6+ Kc5 46. f6 Rb1 47. f7 Rf1 48. Rh7 b4 49. Ke5 b3 50. Ke6 b2 51. Rh5+ Kc4 52. Rf5 b1Q 53. Rxf1 Qxf1 54. Ke7 Qe2+ 55. Kf8 Kd5 56. Kg7 Qg4+ 57. Kh7 Qf5+ 58. Kg7 Qg5+ 59. Kh7 Qf6 60. Kg8 Qg6+ 61. Kh8 Qf6+ 62. Kg8 Qe6 63. Kh8 Qh6+ 64. Kg8 Qg6+ 65. Kh8 Qxf7 1/2-1/2

[Event "Titled Tuesday intern op 11th Jan"]
[Site "Chess.com INT"]
[Date "2022.01.11"]
[Round "11"]
[White "Rodchenkov, Sergey D"]
[Black "Mamontova, Anastasia"]
[Result "0-1"]
[WhiteElo "2346"]
[BlackElo "2025"]
[PlyCount "86"]
[EventDate "2022.01.11"]
[EventType "swiss (blitz)"]
[EventRounds "11"]
[EventCountry "USA"]
[SourceTitle "CBM 206 Extra"]
[Source "ChessBase"]
[SourceDate "2022.03.31"]
[SourceVersion "1"]
[SourceVersionDate "2022.03.31"]
[SourceQuality "1"]

1. e4 c6 2. d4 d5 3. exd5 cxd5 4. Bd3 Nc6 5. c3 Qc7 6. h3 Nf6 7. Nf3 e5 8. dxe5 Nxe5 9. 0-0 Nxd3 10. Qxd3 Be7 11. Re1 0-0 12. Be3 g6 13. Bh6 Re8 14. Nbd2 Bf5 15. Qd4 Qc5 16. Qf4 Bf8 17. Bxf8 Rxf8 18. Qh6 Rfe8 19. Ng5 Qf8 20. Qh4 h6 21. Ngf3 Qg7 22. Qb4 b6 23. Nd4 Bd7 24. Qd6 Rxe1+ 25. Rxe1 Re8 26. Rxe8+ Bxe8 27. Qb8 Kh7 28. Qxa7 Nd7 29. N2f3 Qf6 30. Qa8 Qe7 31. a4 Nf6 32. Qb8 Bxa4 33. Qxb6 Bd7 34. Qb7 Qd6 35. b4 Kg7 36. b5 Ne4 37. b6 Nxc3 38. Qc7 Qxc7 39. bxc7 Kf6 40. Ne5 Kxe5 41. Nc6+ Kd6 42. c8Q Bxc8 43. Nd4 Be6 0-1

[Event "Titled Tuesday intern op 04th Jan"]
[Site "Chess.com INT"]
[Date "2022.01.04"]
[Round "4"]
[White "Kaminski, Victor Kazimierz"]
[Black "Mamontova, Anastasia"]
[Result "1-0"]
[WhiteElo "2247"]
[BlackElo "2025"]
[PlyCount "59"]
[EventDate "2022.01.04"]
[EventType "swiss (blitz)"]
[EventRounds "11"]
[EventCountry "USA"]
[SourceTitle "EXT 2023"]
[Source "ChessBase"]
[SourceDate "2022.10.05"]
[SourceVersion "1"]
[SourceVersionDate "2022.10.05"]
[SourceQuality "1"]

1. e4 c6 2. Nf3 d5 3. d3 Nf6 4. e5 Nfd7 5. d4 e6 6. c3 c5 7. Bd3 Nc6 8. 0-0 Qb6 9. dxc5 Bxc5 10. Bf4 Qxb2 11. Nbd2 Qxc3 12. Qe2 0-0 13. Rfc1 Qb4 14. g3 Nd4 15. Nxd4 Bxd4 16. Rab1 Qe7 17. Bxh7+ Kxh7 18. Qd3+ Kg8 19. Qxd4 Nb6 20. h4 Bd7 21. h5 Rac8 22. Re1 Rc2 23. h6 g6 24. Nf3 Rfc8 25. Bg5 Qc5 26. Qxc5 R8xc5 27. Bf6 Rxa2 28. Ng5 Ba4 29. h7+ Kf8 30. h8R# 1-0

[Event "Titled Tuesday intern op 04th Jan"]
[Site "Chess.com INT"]
[Date "2022.01.04"]
[Round "7"]
[White "Mamontova, Anastasia"]
[Black "Ardila, Oscar Humberto"]
[Result "0-1"]
[WhiteElo "2025"]
[BlackElo "1988"]
[PlyCount "228"]
[EventDate "2022.01.04"]
[EventType "swiss (blitz)"]
[EventRounds "11"]
[EventCountry "USA"]
[SourceTitle "EXT 2023"]
[Source "ChessBase"]
[SourceDate "2022.10.05"]
[SourceVersion "1"]
[SourceVersionDate "2022.10.05"]
[SourceQuality "1"]

1. d4 Nf6 2. c4 e6 3. Nc3 Be7 4. e4 d6 5. Nge2 0-0 6. Ng3 Nbd7 7. Be2 c5 8. d5 exd5 9. Nxd5 Nxd5 10. Qxd5 Nf6 11. Qd3 b6 12. 0-0 Bb7 13. Rd1 Qc7 14. Bf4 Rad8 15. h3 Rfe8 16. Nf5 Bxe4 17. Nxe7+ Qxe7 18. Qg3 d5 19. cxd5 Bxd5 20. Bb5 Rf8 21. Re1 Ne4 22. Qe3 Qb7 23. Rad1 a6 24. Bd3 Rde8 25. Bxa6 Qxa6 26. Rxd5 Nf6 27. Re5 Rxe5 28. Bxe5 Nd5 29. Qg3 f6 30. Bd6 Rd8 31. Be7 Re8 32. Qd6 Qb7 33. Qe6+ Kh8 34. Qf7 Qd7 35. Rd1 Qxe7 36. Qxe7 Nxe7 37. Rd6 Kg8 38. Rxb6 Kf7 39. Rb7 Ke6 40. a4 Kd6 41. b3 Rd8 42. f3 Rd7 43. Rb6+ Nc6 44. Kf2 Kd5 45. Ra6 Nd4 46. Rb6 c4 47. bxc4+ Kxc4 48. a5 Kc5 49. Rb8 Nc6 50. Rc8 Ra7 51. Rg8 Nxa5 52. Kg3 h6 53. Rc8+ Kd5 54. Re8 Nc6 55. Re1 Ne5 56. Rd1+ Ke6 57. Rb1 Kf7 58. Rb6 Re7 59. Rb1 Nc4 60. Rb8 Ne3 61. Kf2 Nf5 62. g4 Nd6 63. Kg3 g6 64. Ra8 Kg7 65. Ra6 Nf7 66. h4 Ne5 67. Rb6 Nd3 68. Ra6 Nc5 69. Rb6 Ne6 70. Rc6 Nd8 71. Ra6 Nf7 72. Rc6 Rd7 73. Ra6 f5 74. Kf4 fxg4 75. Kg3 gxf3 76. Kxf3 Rd3+ 77. Kg4 Rd4+ 78. Kg3 h5 79. Rb6 Rg4+ 80. Kh3 Nh6 81. Rb7+ Nf7 82. Rb6 Kh7 83. Rb7 Rf4 84. Ra7 Kh6 85. Kg3 Rf5 86. Ra6 Ne5 87. Ra7 Ng4 88. Ra6 Ne3 89. Ra8 Ng4 90. Rh8+ Kg7 91. Ra8 Nf6 92. Ra7+ Kh6 93. Ra8 Rc5 94. Rh8+ Nh7 95. Ra8 Rc3+ 96. Kg2 Nf6 97. Ra4 Ng4 98. Rf4 Kg7 99. Ra4 Rc6 100. Ra7+ Kf6 101. Ra4 Ne5 102. Kg3 Rc4 103. Ra6+ Kf5 104. Ra8 Rc3+ 105. Kg2 Kg4 106. Ra4+ Kf5 107. Ra8 Kg4 108. Ra4+ Rc4 109. Ra5 Rc2+ 110. Kf1 Nf3 111. Ra6 Nxh4 112. Ra4+ Kg3 113. Ra3+ Nf3 114. Ra4 Rf2# 0-1

[Event "Chigorin Memorial 28th"]
[Site "St Petersburg"]
[Date "2021.10.29"]
[Round "7"]
[White "Uskov, Artem"]
[Black "Mamontova, Anastasia"]
[Result "1/2-1/2"]
[WhiteElo "2147"]
[BlackElo "1994"]
[PlyCount "128"]
[EventDate "2021.10.23"]
[EventType "swiss"]
[EventRounds "9"]
[EventCountry "RUS"]
[SourceTitle "EXT 2023"]
[Source "ChessBase"]
[SourceDate "2022.10.05"]
[SourceVersion "1"]
[SourceVersionDate "2022.10.05"]
[SourceQuality "1"]

1. e4 c6 2. d4 d5 3. e5 Bf5 4. Nf3 e6 5. Be2 Nd7 6. 0-0 Qc7 7. c3 f6 8. Bf4 0-0-0 9. Bg3 fxe5 10. Nxe5 Nxe5 11. Bxe5 Bd6 12. f4 Nf6 13. Nd2 h5 14. Nf3 Ng4 15. Qd2 Rdg8 16. Ng5 Nxe5 17. fxe5 Be7 18. h3 Rh6 19. Nf7 Rh7 20. Ng5 Rh6 21. h4 Bxg5 22. hxg5 Rhh8 23. c4 dxc4 24. Bxc4 Rd8 25. Qc3 g6 26. Rad1 Qe7 27. Qe3 Kb8 28. a3 h4 29. Be2 Rd7 30. b4 Qd8 31. b5 cxb5 32. Bxb5 Rc7 33. Be2 Rc2 34. Bf3 Rc7 35. Rf2 Qc8 36. Rb2 Rhh7 37. d5 exd5 38. Rxd5 h3 39. Rbd2 Rh8 40. gxh3 Bxh3 41. Rd1 Bf5 42. Bg2 Rc3 43. Qf4 Qc7 44. Rb5 Bc8 45. Qf6 Rh7 46. Bxb7 Bxb7 47. Rd8+ Qxd8 48. Qxd8+ Rc8 49. Qd6+ Ka8 50. Rc5 Rch8 51. Rd5 Rh1+ 52. Kf2 R8h2+ 53. Ke3 Rh3+ 54. Kd2 R1h2+ 55. Kd1 Bxd5 56. Qxd5+ Kb8 57. Ke1 Kc7 58. Qd6+ Kc8 59. Qc6+ Kd8 60. e6 Rh1+ 61. Kf2 R1h2+ 62. Kg1 Rh1+ 63. Kg2 R1h2+ 64. Kg1 Rh1+ 1/2-1/2

[Event "Chigorin Memorial 28th"]
[Site "St Petersburg"]
[Date "2021.10.28"]
[Round "6"]
[White "Mamontova, Anastasia"]
[Black "Kirillov, Dmitry1"]
[Result "0-1"]
[WhiteElo "1994"]
[BlackElo "2260"]
[PlyCount "74"]
[EventDate "2021.10.23"]
[EventType "swiss"]
[EventRounds "9"]
[EventCountry "RUS"]
[SourceTitle "EXT 2023"]
[Source "ChessBase"]
[SourceDate "2022.10.05"]
[SourceVersion "1"]
[SourceVersionDate "2022.10.05"]
[SourceQuality "1"]

1. d4 d5 2. c4 c6 3. Nc3 Nf6 4. e3 e6 5. Qc2 Nbd7 6. b3 Bd6 7. Nf3 0-0 8. Bb2 b6 9. Bd3 Bb7 10. e4 dxe4 11. Nxe4 Nxe4 12. Bxe4 Nf6 13. Bd3 Bb4+ 14. Bc3 c5 15. dxc5 Bxc3+ 16. Qxc3 Bxf3 17. gxf3 bxc5 18. 0-0-0 Qc7 19. Rhg1 Qf4+ 20. Kb1 Rad8 21. Bc2 Rxd1+ 22. Rxd1 Qxh2 23. Qe3 Qg2 24. f4 Qc6 25. Rg1 g6 26. Rg5 Rc8 27. f3 Kg7 28. Kb2 Qd6 29. Kc3 h5 30. Qg1 Qxf4 31. Bxg6 Qd4+ 32. Qxd4 cxd4+ 33. Kxd4 fxg6 34. b4 Nd7 35. c5 Kf6 36. Rg2 g5 37. a4 a5 0-1

[Event "Eurasia Cup op"]
[Site "Ekaterinburg"]
[Date "2019.08.07"]
[Round "7"]
[White "Kyshtymov, Daniil"]
[Black "Mamontova, Anastasia"]
[Result "1/2-1/2"]
[WhiteElo "2176"]
[BlackElo "1989"]
[PlyCount "82"]
[EventDate "2019.07.31"]
[EventType "swiss"]
[EventRounds "9"]
[EventCountry "RUS"]
[SourceTitle "CBM 191 Extra"]
[Source "ChessBase"]
[SourceDate "2019.09.30"]
[SourceVersion "1"]
[SourceVersionDate "2019.09.30"]
[SourceQuality "1"]

1. e4 c6 2. d4 d5 3. Nc3 dxe4 4. Nxe4 Nf6 5. Nxf6+ exf6 6. c3 Bd6 7. Bd3 Be6 8. Ne2 Qc7 9. Qc2 Nd7 10. Be3 0-0-0 11. 0-0-0 c5 12. c4 cxd4 13. Nxd4 Bf4 14. Rhe1 Bxe3+ 15. Rxe3 Ne5 16. Nb5 Qc5 17. Be2 Rxd1+ 18. Kxd1 Rd8+ 19. Kc1 g6 20. Qc3 a6 21. b4 Qe7 22. Nd4 Qd6 23. Nxe6 fxe6 24. h3 Nc6 25. Kb2 Nd4 26. Rd3 Qf4 27. Bf3 e5 28. c5 Nb5 29. Rxd8+ Kxd8 30. Qd3+ Kc7 31. Qd5 e4 32. Bxe4 Qxf2+ 33. Kb3 Qe3+ 34. Qd3 Qc1 35. a4 Qa3+ 36. Kc4 Qxa4 37. Qd5 Qa2+ 38. Kd3 Qa3+ 39. Kc2 Qc3+ 40. Kd1 Qa1+ 41. Kd2 Qb2+ 1/2-1/2

[Event "St Petersburg-ch (Women)"]
[Site "St Petersburg"]
[Date "2019.03.15"]
[Round "5"]
[White "Mamontova, Anastasia"]
[Black "Pankova, Julia"]
[Result "0-1"]
[WhiteElo "2012"]
[BlackElo "1906"]
[PlyCount "104"]
[EventDate "2019.03.11"]
[EventType "swiss"]
[EventRounds "9"]
[EventCountry "RUS"]
[SourceTitle "CBM 189 Extra"]
[Source "ChessBase"]
[SourceDate "2019.05.31"]
[SourceVersion "1"]
[SourceVersionDate "2019.05.31"]
[SourceQuality "1"]

1. d4 Nf6 2. c4 e6 3. Nc3 Bb4 4. e3 d5 5. Nge2 0-0 6. a3 Bd6 7. Ng3 b6 8. cxd5 exd5 9. Bd3 Re8 10. Qc2 a6 11. Bd2 Bb7 12. f3 c5 13. dxc5 Bxc5 14. 0-0 Nbd7 15. b4 Bf8 16. Rfe1 Rc8 17. Rad1 g6 18. Qb1 Bh6 19. h4 Ne5 20. h5 Nfd7 21. hxg6 hxg6 22. f4 Nxd3 23. Qxd3 Nf6 24. f5 Qd6 25. e4 Bxd2 26. Rxd2 Qe5 27. Nce2 dxe4 28. Qd6 gxf5 29. Qxb6 Bd5 30. Qe3 Kf8 31. Rf1 Be6 32. Nd4 Ng4 33. Qe1 e3 34. Rd3 Qh8 35. Rf4 Bc4 36. Rxg4 fxg4 37. Rd1 Qe5 38. Nde2 Red8 39. Rxd8+ Rxd8 40. Qc1 Bxe2 41. Nxe2 Kg7 42. g3 Rd2 43. Qc4 Rd1+ 44. Kg2 Qd5+ 45. Qxd5 Rxd5 46. a4 Rd2 47. Kf1 Rd1+ 48. Kg2 Rb1 49. b5 axb5 50. axb5 Rxb5 51. Nd4 Rb2+ 52. Kf1 Kg6 0-1

[Event "Chigorin Memorial 26th"]
[Site "St Petersburg"]
[Date "2018.10.31"]
[Round "5"]
[White "Zajchikov, Andrey"]
[Black "Mamontova, Anastasia"]
[Result "1-0"]
[WhiteElo "2202"]
[BlackElo "2009"]
[PlyCount "65"]
[EventDate "2018.10.27"]
[EventType "swiss"]
[EventRounds "9"]
[EventCountry "RUS"]
[SourceTitle "CBM 187 Extra"]
[Source "ChessBase"]
[SourceDate "2018.11.04"]
[SourceVersion "1"]
[SourceVersionDate "2018.11.04"]
[SourceQuality "1"]

1. e4 c6 2. d3 d5 3. Nd2 e5 4. Ngf3 Nd7 5. Qe2 Qe7 6. g3 g6 7. Bg2 d4 8. 0-0 Bg7 9. c3 dxc3 10. bxc3 Qc5 11. Nc4 Qe7 12. Ba3 c5 13. d4 exd4 14. e5 dxc3 15. Rad1 Nh6 16. Nd6+ Kf8 17. Bh3 Nf5 18. Bxf5 gxf5 19. Nxf5 Qe8 20. Qc4 b6 21. Qd5 Ba6 22. Qxd7 Bxf1 23. Qd6+ Kg8 24. Kxf1 Bf8 25. Nh6+ Bxh6 26. Qxh6 Qa4 27. Rd4 Qa6+ 28. Kg2 Qc8 29. h3 f5 30. exf6 Kf7 31. Ng5+ Ke8 32. f7+ Ke7 33. Qd6# 1-0

[Event "RUS-chT blitz (Women)"]
[Site "Sochi"]
[Date "2018.10.10"]
[Round "4.2"]
[White "Mamontova, Anastasia"]
[Black "Ershova, Margarita"]
[Result "0-1"]
[WhiteElo "2009"]
[BlackElo "1511"]
[PlyCount "94"]
[EventDate "2018.10.10"]
[EventType "team-swiss (blitz)"]
[EventRounds "13"]
[EventCountry "RUS"]
[SourceTitle "CBM 186 Extra"]
[Source "ChessBase"]
[SourceDate "2018.08.24"]
[SourceVersion "1"]
[SourceVersionDate "2018.08.24"]
[SourceQuality "1"]
[WhiteTeam "Yuzhnyy Ural (W)"]
[BlackTeam "Naberezhnye Chelny Etyud (W)"]
[WhiteTeamCountry "RUS"]
[BlackTeamCountry "RUS"]

1. d4 d6 2. c4 e5 3. d5 f5 4. Nc3 Nf6 5. Bg5 Be7 6. g3 h6 7. Bd2 b6 8. Qc2 0-0 9. Nf3 Nh7 10. Bh3 Ng5 11. Nxg5 Bxg5 12. 0-0-0 Bxd2+ 13. Rxd2 a5 14. Rg1 Na6 15. e4 Nb4 16. Qb3 fxe4 17. Bxc8 Qxc8 18. Nxe4 Qf5 19. Re1 Na6 20. Qe3 Nc5 21. Nxc5 bxc5 22. Rf1 Rab8 23. Qc3 a4 24. a3 Rb3 25. Qa5 Qh3 26. Rdd1 Rfb8 27. Qxc7 Rxb2 28. Qxd6 Rb1+ 29. Kd2 R8b2+ 30. Ke3 Rb3+ 31. Ke4 Qg4+ 32. Kxe5 Rxd1 33. Rxd1 Qxd1 34. Qd8+ Kh7 35. Kd6 Rxa3 36. Kxc5 Qf3 37. Qd7 Qxf2+ 38. Kc6 Rb3 39. c5 Rc3 40. Kb7 Qxc5 41. Qf5+ Kg8 42. Qe6+ Kf8 43. Qf5+ Ke8 44. Qg6+ Kd8 45. Qxg7 Qb5+ 46. Ka7 Rc7+ 47. Qxc7+ Kxc7 0-1

[Event "RUS-chT blitz (Women)"]
[Site "Sochi"]
[Date "2018.10.10"]
[Round "2.1"]
[White "Mamontova, Anastasia"]
[Black "Kovanova, Baira"]
[Result "0-1"]
[WhiteElo "2009"]
[BlackElo "2350"]
[PlyCount "84"]
[EventDate "2018.10.10"]
[EventType "team-swiss (blitz)"]
[EventRounds "13"]
[EventCountry "RUS"]
[SourceTitle "CBM 186 Extra"]
[Source "ChessBase"]
[SourceDate "2018.08.24"]
[SourceVersion "1"]
[SourceVersionDate "2018.08.24"]
[SourceQuality "1"]
[WhiteTeam "Yuzhnyy Ural (W)"]
[BlackTeam "Yugra (W)"]
[WhiteTeamCountry "RUS"]
[BlackTeamCountry "RUS"]

1. e4 d6 2. d4 g6 3. c4 Bg7 4. Nc3 Nd7 5. Nge2 e5 6. d5 Ne7 7. Ng3 a5 8. h4 h5 9. Be2 Nc5 10. Be3 b6 11. a3 Bd7 12. b4 axb4 13. axb4 Rxa1 14. Qxa1 Nb3 15. Qd1 Nd4 16. Bd3 Bf6 17. Bg5 Ng8 18. Bxf6 Nxf6 19. Bb1 Ng4 20. Qd3 0-0 21. Nge2 Qf6 22. f3 Nxe2 23. Nxe2 Nh6 24. Qe3 Qg7 25. c5 bxc5 26. bxc5 f5 27. cxd6 cxd6 28. 0-0 fxe4 29. fxe4 Ng4 30. Qg5 Rxf1+ 31. Kxf1 Qf7+ 32. Ke1 Bb5 33. Qd8+ Kg7 34. Qxd6 Qf2+ 35. Kd1 Qxe2+ 36. Kc1 Qe1+ 37. Kc2 Ne3+ 38. Kb2 Qd2+ 39. Kb3 Bc4+ 40. Ka4 Qd1+ 41. Kb4 Qxb1+ 42. Kc5 Qb5# 0-1

[Event "RUS-chT (Women)"]
[Site "Sochi"]
[Date "2018.05.01"]
[Round "1.3"]
[White "Shuvalova, Polina"]
[Black "Mamontova, Anastasia"]
[Result "1-0"]
[WhiteElo "2416"]
[BlackElo "2051"]
[PlyCount "113"]
[EventDate "2018.05.01"]
[EventType "team-tourn"]
[EventRounds "9"]
[EventCountry "RUS"]
[SourceTitle "CBM 184 Extra"]
[Source "ChessBase"]
[SourceDate "2018.06.28"]
[SourceVersion "1"]
[SourceVersionDate "2018.06.28"]
[SourceQuality "1"]
[WhiteTeam "Moscow Legacy Square (W)"]
[BlackTeam "Cheliabinsk Yuzhnyy Ural (W)"]
[WhiteTeamCountry "RUS"]
[BlackTeamCountry "RUS"]

1. e4 c6 2. d4 d5 3. exd5 cxd5 4. Bd3 Nc6 5. c3 Nf6 6. h3 e5 7. dxe5 Nxe5 8. Be2 Bc5 9. Nf3 Nxf3+ 10. Bxf3 Qb6 11. 0-0 0-0 12. Nd2 Bd7 13. a4 Bd6 14. Nb3 Bc7 15. h4 Rfe8 16. Nd4 Ne4 17. g3 Re7 18. a5 Qg6 19. h5 Qf6 20. Qb3 Bc6 21. Kg2 Rae8 22. a6 Bb6 23. axb7 Bxb7 24. Bf4 Bxd4 25. cxd4 Qxd4 26. Be3 Qf6 27. Rxa7 Ba6 28. Rd1 Rxa7 29. Bxa7 Bc4 30. Qb7 h6 31. b3 Ng5 32. Bxd5 Bxd5+ 33. Qxd5 Ne6 34. Qf3 Qe7 35. Be3 Rb8 36. Rd3 Qe8 37. Bd2 Nc5 38. Rc3 Qb5 39. Qd5 Nxb3 40. Rc8+ Kh7 41. Qe4+ f5 42. Rxb8 Qxb8 43. Qxf5+ Kh8 44. Be3 Qb4 45. Qd5 Na5 46. f3 Nc4 47. Bd4 Nd6 48. Be5 Ne8 49. Qe6 Qb5 50. Qxh6+ Kg8 51. Qe6+ Kf8 52. Kh3 Qd3 53. Kg4 Qd8 54. f4 Qd2 55. Kg5 Qd8+ 56. Kg6 Qd3+ 57. f5 1-0